|
|
|
|
| LEADER |
00000nam a22000007i 4500 |
| 001 |
IT\ICCU\UBO\3875357 |
| 003 |
ItRI |
| 005 |
20260204172759.0 |
| 008 |
110712s2011 it |||||| ||||| |||||c |
| 020 |
|
|
|a 9788850225781
|
| 040 |
|
|
|b ita
|c ct
|
| 041 |
|
7 |
|a ita
|2 ISO-639-2
|
| 082 |
|
|
|a 741.5945
|2 19
|
| 100 |
1 |
|
|a Fenati, Massimo
|0 IT\ICCU\TO0V\619767
|
| 240 |
1 |
3 |
|a Il libro del sesso di Gus e Waldo
|9 Fenati, Massimo
|
| 245 |
1 |
3 |
|a Il libro del sesso di Gus & Waldo /
|c Massimo Fenati.
|
| 260 |
|
|
|a Milano :
|b TEA,
|c 2011
|
| 300 |
|
|
|a 1 v. :
|b ill. ;
|c 14x14 cm.
|
| 650 |
|
7 |
|a Umorismo
|
| 942 |
|
|
|2 ddc
|c BK
|
| 952 |
|
|
|0 0
|1 0
|2 ddc
|4 0
|6 B_LNR04FENMALIB11
|7 0
|9 7574
|a MI
|b MI
|d 2011-11-11
|i 6299
|l 0
|o B-LNR04-FENMA-LIB11
|p CDOM6299
|r 2025-07-13 16:28:42
|w 2025-07-13
|x ACQUISTO
|y BK
|z In catalogazione
|
| 952 |
|
|
|0 0
|1 0
|4 0
|6 R_741_594000000000000_FEN
|7 0
|9 19994
|a BO
|b BO
|d 2026-01-15
|i 15299
|l 0
|o R 741.594 FEN
|p BO15299
|r 2026-01-15 23:21:09
|w 2026-01-15
|x [Sebina 5] [1 v.]
|y BK
|z 1 v.
|
| 999 |
|
|
|c 6264
|d 6264
|